000 00965nas a2200301 4500
001 BR0403735
003 BR-BrBNA
005 20231205104721.0
007 ta
008 230509b bl.|||p| |||| 00| 00por d
040 _aBR-BrBNA
_bpor
_cBiblioteca Nacional de Agricultura
041 _a(Pt)
072 _aF60; F30
100 1 _aPedreira, M. dos S.
100 1 _aReis, R.A.
100 1 _aBerchielli, T.T.
100 1 _aMoreira, A.L.
100 1 _aCoan, R.M.
245 1 _aCaracterísticas agronômicas e composição química de oito híbridos de sorgo [Sorghum bicolor (L.)Moench]
650 _aSORGO GRANÍFERO
650 _aCOMPOSIÇÃO QUÍMICA
650 _aHIBRIDAÇÃO
650 _aMORFOLOGIA VEGETAL
650 _aCARACTERÍSTICAS AGRONÔMICAS
773 0 _tRevista Brasileira de Zootecnia (Brazil)
_xISSN 1516-3598
_g(Sep-Oct 2003), v. 32(5) p. 1083-1092
_wBR0403735
909 _a202311
_bLúcia
_c55
_dLúcia Elande
942 _2AGRIS
_n0
_cANA
999 _c179403
_d179403